000 01233nam a2200265 i 4500
001 54633
003 ES-MaACL
005 20251003194734.0
007 t|
008 931025s1892 po |||| | por d
245 0 3 _aOs Açores a Colombo
_b: libro do centenario de Colombo no archipelago açoriano /
_ccon um artigo original do Snr. Ángel Rodríguez de Quijano y Arroquia ; publigado sob a direcçâo de Joaquim de Araujo e Gabriel d'Almeida.
260 _aPonta Delgada :
_b[s.n.],
_c1892 (
_fTip. do Campecâo Popular)
300 _a39 p. ;
_c32 cm.
530 _aDisponible en formato digital.
600 1 4 _aColón, Cristóbal-
_vAniversarios y centenarios.
_9166344
651 4 _aAmérica-
_xDescubrimientos y exploraciones-
_vAniversarios y centenarios.
_9138063
651 4 _aAzores-
_xHistoria.
_97850
700 1 _aRodríguez de Quijano y Arroquia, Angel.
_998469
700 1 _aAraujo, Joaquim de,
_d1858-1917
_922356
700 1 _aAlmeida, Gabriel d'.
_920111
700 1 _aColón, Cristóbal.
_939869
852 _aES-MaACL
_jT-652-F-6
856 _uhttp://bibliotecadigitalhispanica.bne.es:80/webclient/DeliveryManager?pid=3207521&custom_att_2=simple_viewer
_zBiblioteca Digital Hispánica
999 _c54633
_d54633